00321nam a2200109Ia 4500008004100000082000800041100001300049245003300062942000600095952009500101999001500196240331s9999 xx 000 0 und d bBUC aBucco, M 3aAn American tragedy :bnotes cL 001040708LaWERCLbWERCLcSSCd2024-03-31l0o 820 BUCp5340r2024-03-31w2024-03-31yL c3146d3146